| 000 | 00475nam a2200193Ia 4500 | ||
|---|---|---|---|
| 005 | 20250423101720.0 | ||
| 008 | 250422s9999 xx 000 0 und d | ||
| 020 | _a9788120351271 | ||
| 050 | _aTJ 825 .E27/ | ||
| 100 | _aEarnest, Joshua | ||
| 245 | 0 | _aWind power plants and project development | |
| 250 | _a2nd ed. | ||
| 260 | _aDelhi | ||
| 260 | _bPHI Learning Private Limited | ||
| 260 | _c2015 | ||
| 300 | _a504 p | ||
| 650 | _a Wind power. | ||
| 942 | _cBK | ||
| 999 |
_c37065 _d37065 |
||